LEADER 01372nam0-2200397---450- 001 990000943230203316 005 20091123122017.0 010 $a88-14-03832-5 035 $a0094323 035 $aUSA010094323 035 $a(ALEPH)000094323USA01 035 $a0094323 100 $a20020204d1992----km-y0ITAy01------ba 101 $aita 102 $aIT 105 $a||||||||001yy 200 1 $aCompravendita di appartamenti uffici e negozi$e118 problemi con risposte, consigli e formule per acquistare o vendere un immobile al prezzo giusto e senza avventure$fFrancesco Tamborrino 210 $aMilano$cGiuffrè$d1992 215 $a111 p$d24 cm 225 2 $aCosa & come$iCasa e territorio 410 $12001$aCosa & come$iCasa e territorio 606 $aImmobili$xVendita$xGuide pratiche 606 $aImmobili$xAcquisto$xGuide pratiche 676 $a346.4504363 700 1$aTAMBORRINO,$bFrancesco$09567 801 0$aIT$bsalbc$gISBD 912 $a990000943230203316 951 $aXXX.B. Coll. 13/ 24 (IRA 40 1)$b1158 G$cXXX.B. Coll. 13(IRA 40)$d00188758 959 $aBK 969 $aGIU 979 $aPATTY$b90$c20020204$lUSA01$h1707 979 $c20020403$lUSA01$h1737 979 $aPATRY$b90$c20040406$lUSA01$h1705 979 $aRSIAV1$b90$c20091123$lUSA01$h1220 996 $aCompravendita di appartamenti uffici e negozi$9636815 997 $aUNISA LEADER 01024nam0-22002891--450 001 990009488140403321 005 20221022164943.0 100 $a20111121d1954----km-y0itay50------ba 101 0 $ager 102 $aDE 105 $a--------001yy 200 1 $a<>staatliche Intervention im Bereich der Wirtschaft$eRechtsformen und Rechtsschutz$a<>Gegenwartslage des Staatskirchenrechts$fBerichte von Ulrich Scheuner ... [et al.] 210 $aBerlin$cDe Gruyter$d1954 215 $a268 p.$d23 cm 225 1 $aVeroffentlichungen der vereinigung der Deutschen Staatsrechtslehrer$v11 676 $a322.10943$v23$zger 702 1$aScheuner,$bUlrich 801 0$aIT$bUNINA$gRICA$2UNIMARC 901 $aBK 912 $a990009488140403321 952 $aI C 418 (11)$b46487$fFGBC 952 $aVI C 124$b51431$fFGBC 952 $aVI C 90$b47329$fFGBC 959 $aFGBC 996 $aGegenwartslage des Staatskirchenrechts$9852260 996 $aStaatliche Intervention im Bereich der Wirtschaft$9852259 997 $aUNINA